| 000 | 00388nam a2200145Ia 4500 | ||
|---|---|---|---|
| 008 | 231129s1995||||xx |||||||||||||| ||spa|| | ||
| 020 | _a958-27-00710-0 | ||
| 040 | _bspa | ||
| 082 | _a928.861 S586c | ||
| 100 | _aSilva Jose Asuncion | ||
| 245 | 0 | _aCuarenta y cinco cartas 1881-1896 | |
| 260 | _c1995 | ||
| 264 | _aArango Editores | ||
| 942 |
_2ddc _cBKS |
||
| 999 |
_c8392 _d8392 |
||